| 000 | 00000nas 2200000za 4500 |
| 001 | 9.503180 |
| 003 | CaOODSP |
| 005 | 20231005111747 |
| 007 | cr ||||||||||| |
| 008 | 150406d19972009xxc|| p o||||f| |0fre|d |
| 040 | |aCaOODSP|bfre |
| 043 | |an-cn--- |
| 086 | 1 |aJ1-9F-PDF |
| 110 | 1 |aCanada.|bJustice Canada, |eauteur, |eorganisme de publication. |
| 245 | 10|aStratégie de développement durable / |cMinistère de la Justice. |
| 264 | 1|aOttawa, Ontario : |bJustice Canada, |cdécembre 1997-2007. |
| 310 | |aTriennal |
| 362 | 1 |aParaît depuis décembre 1997; ne paraît plus après 2007/2009. |
| 500 | |aLe titre et le sous-titre varient. |
| 520 | 3 |a«Les modifications apportées en 1995 à la Loi sur le vérificateur général obligent le ministère de la Justice à produire une stratégie de développement durable (SDD) devant être déposée à la Chambre des communes au plus tard le 15 décembre 1997 et à la mettre à jour au moins tous les trois ans. Ces mêmes modifications ont créé le poste de commissaire à l’environnement et au développement durable au sein du Bureau du vérificateur général. Le commissaire a pour mission de contrôler les progrès accomplis par les ministères fédéraux, y compris le ministère de la Justice, en vue d’atteindre les objectifs et de mettre en oeuvre les plans d’action énoncés dans leur SDD respective ainsi que d’en faire rapport à la Chambre des communes.»--Stratégie de développement durable 1997, p. 6 de 71. |
| 691 | 07|aDéveloppement durable|2gcpds |
| 775 | 08|tSustainable development strategy |w(CaOODSP)9.506785 |